000 00456nam a22001697a 4500
999 _c164747
_d164747
005 20190525163715.0
010 _aB-085608
020 _a8176620963
_c400.00
035 _aB-085608
037 _bMinerva Press
082 _a954
100 _aAsiananda
245 _aRedefining indian history /
_cAsiananda
260 _aNew Delhi
_bMinerva Press
_c1999
300 _a482p (it include index)
_c22cm (hbk)
942 _2ddc
_cEN
_h954
_mASI